[Event "ODJM B 2025"]
[Site "Willingen GER"]
[Date "2025.06.13"]
[Round "8"]
[White "Weidenhöfer, Ben"]
[Black "Hendler, Maximilian"]
[Result "1-0"]
[Termination "normal"]
[Board "67"]
[WhiteElo "1620"]
[BlackElo "1555"]
[WhiteClock "00:19:09"]
[BlackClock "00:06:53"]
[PlyCount "71"]
[WhiteFideId "16273702"]
[BlackFideId "34616500"]
[EventCountry "GER"]
[EventRounds "9"]
[EventType "swiss"]
[EventDate "2025.06.07"]

1. d4 {[%clk 01:14:22]} {[%emt 00:00:18]} Nf6 {[%clk 01:30:45]} {[%emt
00:00:15]} 2. Bf4 {[%clk 01:14:42]} {[%emt 00:00:10]} d6 {[%clk 01:30:37]}
{[%emt 00:00:38]} 3. Nc3 {[%clk 01:13:38]} {[%emt 00:01:34]} g6 {[%clk
01:30:55]} {[%emt 00:00:12]} 4. e4 {[%clk 01:13:27]} {[%emt 00:00:40]} Bg7
{[%clk 01:30:36]} {[%emt 00:00:49]} 5. Qd2 {[%clk 01:13:25]} {[%emt 00:00:32]}
O-O {[%clk 01:30:10]} {[%emt 00:00:56]} 6. Bh6 {[%clk 01:13:38]} {[%emt
00:00:18]} e5 {[%clk 01:29:44]} {[%emt 00:00:56]} 7. d5 {[%clk 01:13:36]}
{[%emt 00:00:33]} Nbd7 {[%clk 01:28:51]} {[%emt 00:01:22]} 8. h4 {[%clk
01:13:02]} {[%emt 00:01:04]} Nc5 {[%clk 01:27:04]} {[%emt 00:02:17]} 9. f3
{[%clk 01:11:00]} {[%emt 00:02:32]} Nh5 {[%clk 01:20:59]} {[%emt 00:06:35]} 10.
Nge2 {[%clk 01:09:04]} {[%emt 00:02:27]} a5 {[%clk 01:07:25]} {[%emt 00:14:04]}
11. g4 {[%clk 01:07:09]} {[%emt 00:02:24]} Nf6 {[%clk 01:07:00]} {[%emt
00:00:55]} 12. h5 {[%clk 01:04:59]} {[%emt 00:02:40]} Qe7 {[%clk 01:03:08]}
{[%emt 00:04:22]} 13. Bxg7 {[%clk 00:56:44]} {[%emt 00:08:46]} Kxg7 {[%clk
01:03:23]} {[%emt 00:00:15]} 14. hxg6 {[%clk 00:56:34]} {[%emt 00:00:39]} fxg6
{[%clk 01:03:27]} {[%emt 00:00:26]} 15. Qh6+ {[%clk 00:55:36]} {[%emt
00:01:29]} Kg8 {[%clk 01:03:15]} {[%emt 00:00:41]} 16. O-O-O {[%clk 00:55:29]}
{[%emt 00:00:39]} Qg7 {[%clk 00:53:21]} {[%emt 00:10:24]} 17. Bg2 {[%clk
00:52:30]} {[%emt 00:03:29]} Qxh6+ {[%clk 00:47:20]} {[%emt 00:06:30]} 18. Rxh6
{[%clk 00:51:36]} {[%emt 00:01:24]} Bd7 {[%clk 00:45:04]} {[%emt 00:02:46]} 19.
Rdh1 {[%clk 00:51:10]} {[%emt 00:00:56]} b5 {[%clk 00:45:15]} {[%emt 00:00:19]}
20. Ng1 {[%clk 00:47:06]} {[%emt 00:04:35]} Kg7 {[%emt 00:01:28]} 21. R6h2
{[%clk 00:41:42]} {[%emt 00:05:52]} b4 {[%clk 00:43:05]} {[%emt 00:01:44]} 22.
Nce2 {[%clk 00:41:44]} {[%emt 00:00:27]} a4 {[%clk 00:39:16]} {[%emt 00:04:20]}
23. Ng3 {[%clk 00:41:13]} {[%emt 00:01:01]} b3 {[%clk 00:38:00]} {[%emt
00:01:46]} 24. a3 {[%clk 00:40:29]} {[%emt 00:01:14]} Rh8 {[%clk 00:32:36]}
{[%emt 00:05:53]} 25. Bh3 {[%emt 00:12:51]} Ra5 {[%clk 00:23:53]} 26. g5 {[%clk
00:35:43]} {[%emt 00:02:09]} Ng8 {[%clk 00:22:11]} {[%emt 00:02:12]} 27. Bxd7
{[%clk 00:34:47]} {[%emt 00:01:27]} Nxd7 {[%clk 00:22:26]} {[%emt 00:00:15]}
28. c3 {[%clk 00:31:18]} {[%emt 00:03:59]} Nc5 {[%clk 00:21:14]} {[%emt
00:01:41]} 29. Kd2 {[%clk 00:30:46]} {[%emt 00:01:01]} Ne7 {[%clk 00:19:09]}
{[%emt 00:02:36]} 30. Nf1 {[%clk 00:26:42]} {[%emt 00:04:34]} Nc8 {[%clk
00:17:59]} {[%emt 00:01:40]} 31. Ne3 {[%clk 00:26:15]} {[%emt 00:00:57]} Nb6
{[%clk 00:18:17]} {[%emt 00:00:13]} 32. Ne2 {[%clk 00:25:46]} {[%emt 00:00:59]}
Raa8 {[%clk 00:17:55]} {[%emt 00:00:52]} 33. Nc1 {[%clk 00:23:47]} {[%emt
00:02:30]} Raf8 {[%clk 00:17:35]} {[%emt 00:00:50]} 34. Rh3 {[%clk 00:22:57]}
{[%emt 00:01:19]} Nxe4+ {[%clk 00:09:49]} {[%emt 00:08:16]} 35. fxe4 {[%clk
00:19:13]} {[%emt 00:04:15]} Rf2+ {[%clk 00:06:53]} {[%emt 00:03:26]} 36. Ne2
{[%clk 00:19:09]} {[%emt 00:01:04]} 1-0

[Event "ODJM B 2025"]
[Site "Willingen GER"]
[Date "2025.06.14"]
[Round "9"]
[White "Borukhson, Benjamin Joel"]
[Black "Reuß, Till-Christopher"]
[Result "1/2-1/2"]
[Termination "normal"]
[Board "1"]
[WhiteElo "1717"]
[BlackElo "1845"]
[WhiteClock "00:01:07"]
[BlackClock "00:00:34"]
[PlyCount "81"]
[WhiteFideId "34612920"]
[BlackFideId "533011524"]
[EventCountry "GER"]
[EventRounds "9"]
[EventType "swiss"]
[EventDate "2025.06.07"]

1. e4 {[%clk 01:30:51]} {[%emt 00:00:08]} e5 {[%clk 01:30:58]} {[%emt
00:00:02]} 2. Nf3 {[%clk 01:31:13]} {[%emt 00:00:04]} Nc6 {[%clk 01:31:26]}
{[%emt 00:00:06]} 3. Bc4 {[%clk 01:31:40]} {[%emt 00:00:03]} Bc5 {[%clk
01:31:50]} {[%emt 00:00:05]} 4. c3 {[%clk 01:32:02]} {[%emt 00:00:08]} Nf6
{[%clk 01:32:12]} {[%emt 00:00:08]} 5. d4 {[%clk 01:32:18]} {[%emt 00:00:14]}
exd4 {[%clk 01:32:21]} {[%emt 00:00:21]} 6. e5 {[%clk 01:32:43]} {[%emt
00:00:05]} d5 {[%clk 01:32:42]} {[%emt 00:00:09]} 7. Bb5 {[%clk 01:33:01]}
{[%emt 00:00:12]} Ne4 {[%clk 01:31:58]} {[%emt 00:01:14]} 8. cxd4 {[%clk
01:33:22]} {[%emt 00:00:08]} Bb4+ {[%clk 01:32:14]} {[%emt 00:00:14]} 9. Bd2
{[%clk 01:33:12]} {[%emt 00:00:41]} Nxd2 {[%clk 01:31:02]} {[%emt 00:01:41]}
10. Nbxd2 {[%clk 01:33:34]} {[%emt 00:00:08]} Bd7 {[%clk 01:22:01]} {[%emt
00:09:29]} 11. O-O {[%clk 01:28:07]} {[%emt 00:05:58]} O-O {[%clk 01:20:59]}
{[%emt 00:01:33]} 12. Nb3 {[%clk 01:22:06]} {[%emt 00:06:30]} f6 {[%clk
01:16:22]} {[%emt 00:05:07]} 13. exf6 {[%clk 01:11:26]} {[%emt 00:11:11]} Qxf6
{[%clk 01:14:28]} {[%emt 00:02:23]} 14. a3 {[%clk 01:06:53]} {[%emt 00:05:04]}
Bd6 {[%clk 01:13:37]} {[%emt 00:01:19]} 15. Qc2 {[%clk 00:50:20]} {[%emt
00:17:04]} Qh6 {[%clk 01:08:50]} {[%emt 00:05:18]} 16. Bxc6 {[%clk 00:38:38]}
{[%emt 00:12:11]} bxc6 {[%clk 01:05:47]} {[%emt 00:03:32]} 17. Ne5 {[%clk
00:37:32]} {[%emt 00:01:36]} Rab8 {[%clk 00:48:01]} {[%emt 00:18:17]} 18. h3
{[%clk 00:30:40]} {[%emt 00:07:22]} Bf5 {[%clk 00:38:48]} {[%emt 00:09:43]} 19.
Qc3 {[%clk 00:30:09]} {[%emt 00:00:59]} Rb6 {[%clk 00:36:55]} {[%emt 00:02:22]}
20. Nc5 {[%clk 00:26:41]} {[%emt 00:04:01]} Rfb8 {[%clk 00:30:27]} {[%emt
00:06:59]} 21. b4 {[%clk 00:19:22]} {[%emt 00:07:48]} Bxc5 {[%clk 00:20:25]}
{[%emt 00:10:32]} 22. dxc5 {[%clk 00:19:43]} {[%emt 00:00:09]} Rb5 {[%clk
00:19:06]} {[%emt 00:01:47]} 23. Nf3 {[%clk 00:11:10]} {[%emt 00:09:03]} R5b7
{[%clk 00:11:58]} {[%emt 00:07:40]} 24. Nd4 {[%clk 00:07:09]} {[%emt 00:04:30]}
Qf6 {[%clk 00:10:10]} {[%emt 00:02:19]} 25. Rac1 {[%clk 00:07:27]} {[%emt
00:00:12]} Bd7 {[%clk 00:08:29]} {[%emt 00:02:10]} 26. Rfe1 {[%clk 00:05:10]}
{[%emt 00:02:48]} Rf8 {[%clk 00:08:29]} {[%emt 00:00:30]} 27. Qd2 {[%clk
00:04:30]} {[%emt 00:01:10]} Rbb8 {[%clk 00:08:02]} {[%emt 00:00:57]} 28. Re3
{[%clk 00:04:44]} {[%emt 00:00:14]} Qg5 {[%clk 00:04:42]} {[%emt 00:03:52]} 29.
Qc3 {[%clk 00:04:52]} {[%emt 00:00:21]} Rf4 {[%clk 00:03:14]} {[%emt 00:01:58]}
30. Nf3 {[%clk 00:03:05]} {[%emt 00:02:18]} Qg6 {[%clk 00:01:02]} {[%emt
00:02:42]} 31. Ne5 {[%clk 00:02:44]} {[%emt 00:00:50]} Qf5 {[%clk 00:01:07]}
{[%emt 00:00:23]} 32. Rd1 {[%clk 00:01:08]} {[%emt 00:02:09]} Re8 {[%clk
00:00:39]} {[%emt 00:00:58]} 33. Qe1 {[%clk 00:00:42]} {[%emt 00:00:56]} Rf8
{[%clk 00:00:49]} {[%emt 00:00:18]} 34. Nxd7 {[%clk 00:00:40]} {[%emt
00:00:34]} Qxd7 {[%clk 00:01:12]} {[%emt 00:00:08]} 35. Re7 {[%clk 00:00:38]}
{[%emt 00:00:32]} Qf5 {[%clk 00:00:57]} {[%emt 00:00:45]} 36. Rd2 {[%clk
00:00:51]} {[%emt 00:00:17]} Rf7 {[%clk 00:00:43]} {[%emt 00:00:44]} 37. Re8+
{[%clk 00:00:37]} {[%emt 00:00:44]} Rf8 {[%clk 00:01:09]} {[%emt 00:00:04]} 38.
Re7 {[%clk 00:00:38]} {[%emt 00:00:29]} Rf7 {[%clk 00:01:23]} {[%emt 00:00:16]}
39. Re8+ {[%clk 00:00:45]} {[%emt 00:00:23]} Rf8 {[%clk 00:01:47]} {[%emt
00:00:06]} 40. Rde2 {[%clk 00:01:07]} {[%emt 00:00:09]} Qg6 {[%clk 00:00:34]}
{[%emt 00:01:42]} 41. R8e6 {[%emt 00:13:51]} 1/2-1/2

[Event "ODJM B 2025"]
[Site "Willingen GER"]
[Date "2025.06.14"]
[Round "9"]
[White "Fischermann, Simon"]
[Black "Engelhaupt, Henry"]
[Result "1-0"]
[Termination "normal"]
[Board "2"]
[WhiteElo "1847"]
[BlackElo "1825"]
[WhiteClock "01:08:23"]
[BlackClock "00:38:11"]
[PlyCount "111"]
[WhiteFideId "34620869"]
[BlackFideId "34644814"]
[EventCountry "GER"]
[EventRounds "9"]
[EventType "swiss"]
[EventDate "2025.06.07"]

1. e4 {[%clk 01:30:58]} {[%emt 00:00:01]} e6 {[%clk 01:30:56]} {[%emt
00:00:05]} 2. d4 {[%clk 01:30:27]} {[%emt 00:01:00]} d5 {[%clk 01:31:21]}
{[%emt 00:00:05]} 3. Nd2 {[%clk 01:30:37]} {[%emt 00:00:21]} dxe4 {[%clk
01:31:33]} {[%emt 00:00:19]} 4. Nxe4 {[%clk 01:30:56]} {[%emt 00:00:10]} Nd7
{[%clk 01:31:53]} {[%emt 00:00:10]} 5. Nf3 {[%clk 01:31:14]} {[%emt 00:00:12]}
Ngf6 {[%clk 01:32:18]} {[%emt 00:00:06]} 6. Nxf6+ {[%clk 01:31:38]} {[%emt
00:00:06]} Nxf6 {[%clk 01:32:42]} {[%emt 00:00:05]} 7. g3 {[%clk 01:31:58]}
{[%emt 00:00:10]} Be7 {[%clk 01:32:32]} {[%emt 00:00:41]} 8. Bg2 {[%clk
01:32:12]} {[%emt 00:00:15]} O-O {[%clk 01:32:40]} {[%emt 00:00:23]} 9. O-O
{[%clk 01:32:25]} {[%emt 00:00:16]} c6 {[%clk 01:30:55]} {[%emt 00:02:15]} 10.
c3 {[%clk 01:31:33]} {[%emt 00:01:22]} Qc7 {[%clk 01:29:23]} {[%emt 00:02:03]}
11. Bf4 {[%clk 01:31:10]} {[%emt 00:00:52]} Bd6 {[%clk 01:29:43]} {[%emt
00:00:10]} 12. Bxd6 {[%clk 01:31:18]} {[%emt 00:00:22]} Qxd6 {[%clk 01:30:09]}
{[%emt 00:00:04]} 13. Qb3 {[%clk 01:30:12]} {[%emt 00:01:36]} Rd8 {[%clk
01:28:14]} {[%emt 00:02:25]} 14. Rad1 {[%clk 01:26:54]} {[%emt 00:03:48]} Qc7
{[%clk 01:26:35]} {[%emt 00:02:10]} 15. Rfe1 {[%clk 01:23:54]} {[%emt
00:03:30]} Qb6 {[%clk 01:24:38]} {[%emt 00:02:26]} 16. Ne5 {[%clk 01:22:02]}
{[%emt 00:02:21]} Nd5 {[%clk 01:20:21]} {[%emt 00:04:48]} 17. Qc2 {[%clk
01:21:06]} {[%emt 00:01:25]} Ne7 {[%clk 01:16:38]} {[%emt 00:04:14]} 18. b3
{[%clk 01:15:48]} {[%emt 00:05:48]} Ng6 {[%clk 01:13:32]} {[%emt 00:03:36]} 19.
Be4 {[%clk 01:09:15]} {[%emt 00:07:01]} Bd7 {[%clk 01:09:48]} {[%emt 00:04:15]}
20. h4 {[%clk 01:08:50]} {[%emt 00:00:54]} Be8 {[%clk 01:08:24]} {[%emt
00:01:55]} 21. h5 {[%clk 01:08:23]} {[%emt 00:00:57]} Nf8 {[%clk 01:08:36]}
{[%emt 00:00:18]} 22. h6 {[%clk 01:08:37]} {[%emt 00:00:16]} g6 {[%clk
01:04:13]} {[%emt 00:04:54]} 23. Bg2 {[%clk 01:02:03]} {[%emt 00:07:03]} Nd7
{[%clk 01:02:27]} {[%emt 00:02:16]} 24. Qe4 {[%clk 01:01:23]} {[%emt 00:01:09]}
f6 {[%clk 00:56:38]} {[%emt 00:06:19]} 25. Nc4 {[%clk 01:01:17]} {[%emt
00:00:36]} Qc7 {[%clk 00:55:48]} {[%emt 00:01:20]} 26. Qxe6+ {[%clk 01:01:27]}
{[%emt 00:00:19]} Bf7 {[%clk 00:56:08]} {[%emt 00:00:11]} 27. Qd6 {[%clk
01:01:45]} {[%emt 00:00:12]} Rac8 {[%clk 00:49:14]} {[%emt 00:07:24]} 28. Re7
{[%clk 01:01:39]} {[%emt 00:00:36]} Bxc4 {[%clk 00:48:23]} {[%emt 00:01:21]}
29. Rg7+ {[%clk 01:02:03]} {[%emt 00:00:06]} Kh8 {[%clk 00:48:45]} {[%emt
00:00:08]} 30. Qe7 {[%clk 01:02:28]} {[%emt 00:00:06]} Nf8 {[%clk 00:45:13]}
{[%emt 00:04:02]} 31. Qxf6 {[%clk 01:01:37]} {[%emt 00:01:20]} Rd6 {[%clk
00:44:44]} {[%emt 00:00:59]} 32. Rxc7+ {[%clk 01:01:51]} {[%emt 00:00:15]} Rxf6
{[%clk 00:45:06]} {[%emt 00:00:10]} 33. Rxc8 {[%clk 01:02:12]} {[%emt
00:00:09]} Be6 {[%clk 00:43:56]} {[%emt 00:01:39]} 34. Rc7 {[%clk 01:02:34]}
{[%emt 00:00:09]} Rf7 {[%clk 00:44:02]} {[%emt 00:00:24]} 35. Rxf7 {[%clk
01:02:56]} {[%emt 00:00:08]} Bxf7 {[%clk 00:44:28]} {[%emt 00:00:04]} 36. Re1
{[%clk 01:03:14]} {[%emt 00:00:11]} Be6 {[%clk 00:44:45]} {[%emt 00:00:13]} 37.
Kh2 {[%clk 01:03:38]} {[%emt 00:00:06]} Kg8 {[%clk 00:44:53]} {[%emt 00:00:23]}
38. Bh3 {[%clk 01:03:53]} {[%emt 00:00:14]} Kf7 {[%clk 00:44:58]} {[%emt
00:00:25]} 39. Bxe6+ {[%clk 01:03:55]} {[%emt 00:00:28]} Nxe6 {[%clk 00:45:22]}
{[%emt 00:00:07]} 40. f4 {[%clk 01:04:18]} {[%emt 00:00:06]} Nc7 {[%clk
00:44:43]} {[%emt 00:01:09]} 41. Kg2 {[%clk 01:04:34]} {[%emt 00:00:14]} Nb5
{[%clk 00:44:48]} {[%emt 00:00:25]} 42. Re3 {[%clk 01:04:54]} {[%emt 00:00:10]}
Nd6 {[%clk 00:45:11]} {[%emt 00:00:08]} 43. g4 {[%clk 01:05:05]} {[%emt
00:00:19]} a6 {[%clk 00:44:43]} {[%emt 00:00:58]} 44. Kf3 {[%clk 01:04:55]}
{[%emt 00:00:39]} Kf6 {[%clk 00:44:00]} {[%emt 00:01:13]} 45. c4 {[%clk
01:05:06]} {[%emt 00:00:19]} Kf7 {[%clk 00:44:11]} {[%emt 00:00:19]} 46. Re5
{[%clk 01:05:24]} {[%emt 00:00:12]} Kf6 {[%clk 00:43:36]} {[%emt 00:01:05]} 47.
a4 {[%clk 01:04:59]} {[%emt 00:00:54]} Kf7 {[%clk 00:43:00]} {[%emt 00:01:06]}
48. f5 {[%clk 01:05:14]} {[%emt 00:00:15]} gxf5 {[%clk 00:41:36]} {[%emt
00:01:55]} 49. gxf5 {[%clk 01:05:24]} Nc8 {[%clk 00:41:27]} {[%emt 00:00:59]}
50. c5 {[%clk 01:05:44]} Kf8 {[%clk 00:39:38]} {[%emt 00:02:29]} 51. Kf4 {[%clk
01:05:59]} Kf7 {[%clk 00:40:03]} {[%emt 00:00:20]} 52. Kg5 {[%clk 01:06:24]} a5
{[%clk 00:39:03]} {[%emt 00:01:35]} 53. d5 {[%clk 01:06:38]} cxd5 {[%clk
00:38:31]} {[%emt 00:01:17]} 54. Rxd5 {[%emt 00:01:44]} Ke7 55. f6+ {[%clk
01:08:02]} Ke8 {[%clk 00:38:11]} {[%emt 00:01:11]} 56. f7+ {[%clk 01:08:23]}
{[%emt 00:00:10]} 1-0

[Event "ODJM B 2025"]
[Site "Willingen GER"]
[Date "2025.06.14"]
[Round "9"]
[White "Rutkowski, Lian"]
[Black "Aguike, Chidera"]
[Result "1/2-1/2"]
[Termination "normal"]
[Board "3"]
[WhiteElo "1815"]
[BlackElo "1838"]
[WhiteClock "00:02:22"]
[BlackClock "00:08:40"]
[PlyCount "111"]
[WhiteFideId "34650539"]
[BlackFideId "34611339"]
[EventCountry "GER"]
[EventRounds "9"]
[EventType "swiss"]
[EventDate "2025.06.07"]

1. Nf3 {[%clk 01:30:59]} d5 {[%clk 01:30:53]} {[%emt 00:00:08]} 2. d4 {[%clk
01:31:26]} {[%emt 00:00:03]} Nf6 {[%clk 01:31:02]} {[%emt 00:00:21]} 3. c4
{[%clk 01:31:49]} {[%emt 00:00:06]} c6 {[%clk 01:31:20]} {[%emt 00:00:13]} 4.
Nc3 {[%clk 01:32:10]} {[%emt 00:00:09]} Bg4 {[%clk 01:30:28]} {[%emt 00:01:22]}
5. cxd5 {[%clk 01:30:14]} {[%emt 00:02:25]} cxd5 {[%clk 01:30:47]} {[%emt
00:00:12]} 6. Qb3 {[%clk 01:30:02]} {[%emt 00:00:41]} Qb6 {[%clk 01:08:23]}
{[%emt 00:22:54]} 7. Nxd5 {[%clk 01:27:43]} {[%emt 00:02:49]} Nxd5 {[%clk
01:08:11]} {[%emt 00:00:43]} 8. Qxd5 {[%clk 01:27:49]} {[%emt 00:00:23]} Nc6
{[%clk 01:05:06]} {[%emt 00:03:35]} 9. e3 {[%clk 01:23:11]} {[%emt 00:05:08]}
Bxf3 {[%clk 01:05:06]} {[%emt 00:00:30]} 10. gxf3 {[%clk 01:23:12]} {[%emt
00:00:28]} Qb4+ {[%clk 01:02:02]} {[%emt 00:03:35]} 11. Bd2 {[%clk 01:21:54]}
{[%emt 00:01:49]} Qxb2 {[%clk 00:59:01]} {[%emt 00:03:31]} 12. Rc1 {[%clk
01:22:10]} {[%emt 00:00:13]} e6 {[%clk 00:53:53]} {[%emt 00:05:39]} 13. Qb3
{[%clk 01:21:55]} {[%emt 00:00:44]} Qxb3 {[%clk 00:54:14]} {[%emt 00:00:10]}
14. axb3 {[%clk 01:22:18]} {[%emt 00:00:07]} a6 {[%clk 00:53:04]} {[%emt
00:01:39]} 15. Bd3 {[%clk 01:19:56]} {[%emt 00:02:51]} Bd6 {[%clk 00:52:46]}
{[%emt 00:00:49]} 16. Be4 {[%clk 01:19:11]} {[%emt 00:01:15]} Kd7 {[%clk
00:38:55]} {[%emt 00:14:22]} 17. d5 {[%clk 01:15:08]} {[%emt 00:04:32]} exd5
{[%clk 00:37:08]} {[%emt 00:02:17]} 18. Bxd5 {[%clk 01:15:30]} {[%emt
00:00:08]} f6 {[%clk 00:35:41]} {[%emt 00:01:57]} 19. Ke2 {[%clk 01:11:44]}
{[%emt 00:04:16]} Rhe8 {[%clk 00:35:13]} {[%emt 00:00:58]} 20. Rhd1 {[%clk
01:10:30]} {[%emt 00:01:43]} Rac8 {[%clk 00:33:15]} {[%emt 00:02:29]} 21. h4
{[%clk 01:04:35]} {[%emt 00:06:24]} b6 {[%clk 00:28:09]} {[%emt 00:05:36]} 22.
Bc3 {[%clk 00:51:18]} {[%emt 00:13:47]} a5 {[%clk 00:24:04]} {[%emt 00:04:35]}
23. Be4 {[%clk 00:50:09]} {[%emt 00:01:38]} Ne7 {[%clk 00:17:24]} {[%emt
00:07:10]} 24. Bd3 {[%clk 00:42:00]} {[%emt 00:08:39]} Red8 {[%clk 00:11:34]}
{[%emt 00:06:17]} 25. Bb5+ {[%clk 00:29:50]} {[%emt 00:12:42]} Ke6 {[%clk
00:11:48]} {[%emt 00:00:16]} 26. Bc4+ {[%clk 00:30:06]} {[%emt 00:00:14]} Kd7
{[%clk 00:11:32]} {[%emt 00:00:47]} 27. Rd2 {[%clk 00:25:25]} {[%emt 00:05:11]}
Ke8 {[%clk 00:10:15]} {[%emt 00:01:46]} 28. Rcd1 {[%clk 00:23:35]} {[%emt
00:02:20]} Bc7 {[%clk 00:09:33]} {[%emt 00:01:14]} 29. Bb5+ {[%clk 00:23:33]}
{[%emt 00:00:32]} Kf7 {[%clk 00:08:14]} {[%emt 00:01:49]} 30. Bd7 {[%clk
00:23:32]} {[%emt 00:00:30]} Rb8 {[%clk 00:08:24]} {[%emt 00:00:21]} 31. Bb5
{[%clk 00:21:56]} {[%emt 00:02:06]} Rxd2+ {[%clk 00:08:05]} {[%emt 00:00:49]}
32. Rxd2 {[%clk 00:22:08]} {[%emt 00:00:17]} Rd8 {[%clk 00:08:23]} {[%emt
00:00:12]} 33. Rc2 {[%clk 00:20:53]} {[%emt 00:01:46]} Be5 {[%clk 00:05:30]}
{[%emt 00:03:23]} 34. Bd2 {[%clk 00:17:14]} {[%emt 00:04:08]} Bd6 {[%clk
00:01:52]} {[%emt 00:04:08]} 35. f4 {[%clk 00:17:05]} {[%emt 00:00:39]} Bc5
{[%clk 00:02:06]} {[%emt 00:00:16]} 36. Bxa5 {[%clk 00:14:45]} {[%emt
00:02:51]} Bxe3 {[%clk 00:01:21]} {[%emt 00:01:14]} 37. fxe3 {[%clk 00:14:43]}
{[%emt 00:00:32]} bxa5 {[%clk 00:01:47]} {[%emt 00:00:04]} 38. Rc7 {[%clk
00:14:58]} {[%emt 00:00:14]} Ke6 {[%clk 00:01:46]} {[%emt 00:00:31]} 39. Bc4+
{[%clk 00:15:09]} {[%emt 00:00:18]} Kd6 {[%clk 00:02:05]} {[%emt 00:00:09]} 40.
Ra7 {[%clk 00:15:24]} {[%emt 00:00:16]} Nf5 {[%clk 00:00:47]} {[%emt 00:01:49]}
41. Rxa5 {[%clk 00:14:51]} {[%emt 00:01:02]} g6 {[%clk 00:28:38]} {[%emt
00:02:41]} 42. Ra6+ {[%clk 00:40:56]} {[%emt 00:04:25]} Ke7 {[%clk 00:28:57]}
{[%emt 00:00:10]} 43. Re6+ {[%clk 00:31:23]} {[%emt 00:10:02]} Kf7 {[%clk
00:29:01]} {[%emt 00:00:22]} 44. Rd6+ {[%clk 00:27:03]} {[%emt 00:04:53]} Ke7
{[%clk 00:29:10]} {[%emt 00:00:23]} 45. Rxd8 {[%clk 00:26:52]} {[%emt
00:00:42]} Kxd8 {[%clk 00:29:33]} {[%emt 00:00:06]} 46. Bg8 {[%clk 00:22:55]}
{[%emt 00:04:26]} h5 {[%clk 00:25:15]} {[%emt 00:04:49]} 47. e4 {[%clk
00:18:37]} {[%emt 00:04:48]} Nxh4 {[%clk 00:24:49]} {[%emt 00:00:56]} 48. Kf2
{[%clk 00:18:42]} {[%emt 00:00:24]} Ke7 {[%clk 00:21:53]} {[%emt 00:03:26]} 49.
Kg3 {[%clk 00:18:16]} {[%emt 00:00:56]} g5 {[%clk 00:22:13]} {[%emt 00:00:11]}
50. Bh7 {[%clk 00:15:05]} {[%emt 00:03:38]} Ke6 {[%clk 00:19:23]} {[%emt
00:03:23]} 51. b4 {[%clk 00:14:27]} {[%emt 00:01:08]} Kd6 {[%clk 00:19:12]}
{[%emt 00:00:41]} 52. b5 {[%clk 00:13:41]} {[%emt 00:01:16]} Kc5 {[%clk
00:17:20]} {[%emt 00:02:21]} 53. fxg5 {[%emt 00:09:56]} fxg5 {[%clk 00:17:29]}
{[%emt 00:00:20]} 54. e5 {[%clk 00:03:05]} {[%emt 00:01:42]} Kxb5 {[%clk
00:17:09]} {[%emt 00:00:50]} 55. Bg8 {[%clk 00:02:37]} {[%emt 00:00:57]} Ng6
{[%clk 00:08:40]} {[%emt 00:09:00]} 56. Bf7 {[%clk 00:02:22]} {[%emt 00:00:44]}
1/2-1/2